书目信息 |
| 题名: |
直到世界尽头
|
|
| 作者: | 林丹 著 | |
| 分册: | ||
| 出版信息: | 南京 凤凰出版社 2012 |
|
| 页数: | 204页 | |
| 开本: | 24cm | |
| 丛书名: | ||
| 单 册: | ||
| 中图分类: | K825.47=76 , K825.47 | |
| 科图分类: | ||
| 主题词: | 羽毛球运动--优秀运动员--自传--中国--现代 | |
| 电子资源: | ||
| ISBN: | 978-7-5506-1468-0 | |
| 000 | 01148nam0 2200301 450 | |
| 001 | 1553755617 | |
| 005 | 20150706145657.29 | |
| 010 | @a978-7-5506-1468-0@dCNY35.00 | |
| 049 | @aA110000CLC@bUCS01005575110 | |
| 090 | @aK825.4@bld | |
| 096 | @aK825.4@bld | |
| 100 | @a20130510d2012 em y0chiy50 ea | |
| 101 | 0 | @achi |
| 102 | @aCN@b320000 | |
| 105 | @aa z 000ya | |
| 106 | @ar | |
| 200 | 1 | @a直到世界尽头@Azhi dao shi jie jin tou@b专著@dUntil the end of world@f林丹著@zeng |
| 210 | @a南京@c凤凰出版社@d2012 | |
| 215 | @a204页@c照片@d24cm | |
| 330 | @a本书是中国现役著名羽毛球运动员林丹的个人自传。他被公认为同时代最杰出的羽毛球运动员,除了球风凶狠之外,在中国运动员一贯低调内敛的集体作风之外,林丹以外形出众、个性鲜明而闻名,称为中国运动员中的话题人物。本书为你讲述这位“超级丹”赛场内外的精彩故事,走进生活里的“超级丹”。 | |
| 510 | 1 | @aUntil the end of world@zeng |
| 606 | 0 | @a羽毛球运动@x优秀运动员@x自传@y中国@z现代 |
| 610 | 0 | @a林丹(1983- ) |
| 690 | @aK825.47=76@v5 | |
| 690 | @aK825.47@v4 | |
| 701 | 0 | @a林丹@f(1983.10~)@Alin dan@4著 |
| 801 | 0 | @aCN@bCL@c20120829 |
| 905 | @a213230@dK825.47@et9 | |
| 直到世界尽头=Until the end of world/林丹著.-南京:凤凰出版社,2012 |
| 204页:照片;24cm |
| ISBN 978-7-5506-1468-0:CNY35.00 |
| 本书是中国现役著名羽毛球运动员林丹的个人自传。他被公认为同时代最杰出的羽毛球运动员,除了球风凶狠之外,在中国运动员一贯低调内敛的集体作风之外,林丹以外形出众、个性鲜明而闻名,称为中国运动员中的话题人物。本书为你讲述这位“超级丹”赛场内外的精彩故事,走进生活里的“超级丹”。 |
| ● |
| 相关链接 |
|
|
|
|
正题名:直到世界尽头
索取号:K825.47/t9
 
预约/预借
| 序号 | 登录号 | 条形码 | 馆藏地/架位号 | 状态 | 备注 |
| 1 | 6940504 | 269405048 | 密集书库-体育系/ [索取号:K825.47/t9] | 在馆 | |
| 2 | 6940507 | 269405075 | 密集书库-体育系/ [索取号:K825.47/t9] | 在馆 |